LOS RECURSOS HIDRAULICOS EN MEXICO

Guardado en:
Bibliografiske detaljer
Institution som forfatter: Seminario para el Estudio de los Recursos Hidraúlicos en México ( México)
Format: Procedimiento de la conferencia Bog
Serier:TEMAS NACIONALES ; 7
Fag:
Tags: Tilføj Tag
Ingen Tags, Vær først til at tagge denne postø!

MARC

LEADER 00000nam^a2200000^a^4500
001 000240921
005 20250521000000.0
009 20260310105155.731
035 |a 064538 
037 |a Acervo Xavier Clavigero 
082 |a 333. 91  |b SEM 
111 1 |a Seminario para el Estudio de los Recursos Hidraúlicos en México (  |n 1O :  |d 1974 :  |c México) 
245 1 4 |a LOS RECURSOS HIDRAULICOS EN MEXICO 
264 |a MEXICO :  |b IEPES,  |c 1974 
300 |a 285 p. 
336 |a texto  |b txt  |2 rdacontenido 
337 |a sin mediación  |b n  |2 rdamedio 
338 |a volumen  |b nc  |2 rdasoporte 
440 |a TEMAS NACIONALES ;  |v 7 
649 |a XX 
650 |a Agua -  |x Aprovechamiento -  |z México 
910 |a Fondo General 
920 |a Impresos - Libros 
930 |a Colección General 
905 |a 101 
901 |a 064538  |b IT1  |c ACC  |i 064538  |u 20250521 
902 |a https://opac.biblio.iteso.mx/vufind/Record/000240921